000 00424nam a2200145Ia 4500
008 230519s9999 xx 000 0 und d
020 _a978-93-88178-57-0
041 _aeng
082 _aCH/610.7343/GIL/DB0848
100 _aGill KK
245 _aTextbook of Community Health Nursing-II for GNM Nursing Students
260 _bCBS Publishers & Distributors
_aNew Delhi
_c2020
300 _a441
999 _c159461
_d159461